Numerical Methods for Chemical Engineers with Matlab Applications / (Record no. 564555)

000 -LEADER
fixed length control field 00413nam a2200133Ia 4500
008 - FIXED-LENGTH DATA ELEMENTS--GENERAL INFORMATION
fixed length control field 210430s9999 xx 000 0 und d
020 ## - INTERNATIONAL STANDARD BOOK NUMBER
International Standard Book Number 0-13-013851-7
082 ## - DEWEY DECIMAL CLASSIFICATION NUMBER
Classification number 660 A415 N
100 ## - MAIN ENTRY--PERSONAL NAME
Personal name Alkis Constantinides, Navid Mostoufi
9 (RLIN) 127637
245 ## - TITLE STATEMENT
Title Numerical Methods for Chemical Engineers with Matlab Applications /
Statement of responsibility, etc. Alkis
260 ## - PUBLICATION, DISTRIBUTION, ETC.
Place of publication, distribution, etc. New Jersey
Name of publisher, distributor, etc. Prentice hall
Date of publication, distribution, etc. 1999
300 ## - PHYSICAL DESCRIPTION
Extent 543 p
942 ## - ADDED ENTRY ELEMENTS (KOHA)
Koha item type Book
Source of classification or shelving scheme
Holdings
Withdrawn status Lost status Damaged status Not for loan Collection code Permanent Location Current Location Shelving location Date acquired Total Checkouts Full call number Barcode Date last seen Price effective from Koha item type
          School of Chemical & Materials Engineering (SCME) School of Chemical & Materials Engineering (SCME) General Stacks 05/14/5   660 A415 N SCME-3773 04/30/2021 04/30/2021 Book
© 2023 Central Library, National University of Sciences and Technology. All Rights Reserved.